[Event "EYg18, Budva YUG"]
[Site "?"]
[Date "2003.??.??"]
[Round "3"]
[White "Pogonina, N."]
[Black "Verot, M."]
[Result "1-0"]
[WhiteElo "2340"]
[BlackElo "2095"]
[PlyCount "87"]
[EventDate "2003.??.??"]

1. e4 c5 2. Nf3 d6 3. d4 cxd4 4. Nxd4 Nf6 5. Nc3 g6 6. Be3 Bg7 7. f3 O-O 8. Qd2
Nc6 9. Bc4 Bd7 10. O-O-O Rc8 11. Bb3 Nxd4 12. Bxd4 b5 13. e5 dxe5 14. Bxe5 Bc6
15. Qxd8 Rfxd8 16. a3 Nd7 17. Bxg7 Kxg7 18. Bd5 a6 19. Bxc6 Rxc6 20. Rd4 Rd6
21. Rxd6 exd6 22. Re1 Nc5 23. Re7 Rd7 24. Rxd7 Nxd7 25. Nd5 f5 26. Kd2 Kf7 27.
Nc7 Nb8 28. Kd3 Ke7 29. c4 Kd7 30. Nd5 h6 31. f4 Nc6 32. b4 Ne7 33. Nxe7 Kxe7
34. Kd4 g5 35. g3 Kd7 36. Kd5 gxf4 37. gxf4 h5 38. c5 dxc5 39. Kxc5 Ke6 40. h4
Ke7 41. Kd5 Kf6 42. Kd6 Kf7 43. Ke5 Kg6 44. Ke6 1-0

[Event "EYg18, Budva YUG"]
[Site "?"]
[Date "2003.??.??"]
[Round "3"]
[White "Svent, S."]
[Black "Bronnikova, E."]
[Result "0-1"]
[WhiteElo "1960"]
[BlackElo "2270"]
[PlyCount "108"]
[EventDate "2003.??.??"]

1. e4 d6 2. d4 Nf6 3. Nc3 g6 4. Nf3 Bg7 5. Bf4 Nc6 6. Qd2 Bg4 7. Be2 Bxf3 8.
Bxf3 e5 9. dxe5 dxe5 10. Be3 Qxd2+ 11. Bxd2 Nd4 12. O-O-O O-O-O 13. Bg5 c6 14.
Bxf6 Bxf6 15. Bg4+ Kc7 16. Be2 b5 17. Bd3 h5 18. Ne2 Ne6 19. c3 Bg5+ 20. Kb1
Nc5 21. Bc2 a5 22. b4 Nb7 23. a3 Nd6 24. Bd3 Rd7 25. Kc2 Rhd8 26. g3 f5 27. f3
Nc4 28. Bxc4 Rd2+ 29. Rxd2 Rxd2+ 30. Kb1 bxc4 31. Re1 fxe4 32. fxe4 Rd3 33. Rf1
axb4 34. axb4 Re3 35. Rf2 Rxe4 36. h4 Be7 37. Kc2 Kd6 38. Kd2 g5 39. Rf5 Ke6
40. Rf1 gxh4 41. gxh4 Bxh4 42. Rf8 Bg5+ 43. Kd1 h4 44. Rg8 Bf6 45. Rc8 Kd6 46.
Rf8 Be7 47. Rh8 Re3 48. Rh6+ Kd5 49. Rh5 Ke4 50. Rh6 h3 51. Ng1 Rxc3 52. Nxh3
Bxb4 53. Rxc6 Kd5 54. Rh6 Rd3+ 0-1

[Event "EYg18, Budva YUG"]
[Site "?"]
[Date "2003.??.??"]
[Round "3"]
[White "Meshcheriakova, E."]
[Black "Valickova, M."]
[Result "1-0"]
[WhiteElo "2255"]
[BlackElo "2045"]
[PlyCount "77"]
[EventDate "2003.??.??"]

1. e4 e5 2. Nf3 Nc6 3. Bb5 a6 4. Ba4 Nf6 5. d3 b5 6. Bb3 Be7 7. Nbd2 d6 8. c3
O-O 9. Nf1 d5 10. Qe2 dxe4 11. dxe4 Bd6 12. Ng3 Ne7 13. Bg5 Ng6 14. Nf5 Bxf5
15. exf5 Nf4 16. Bxf4 exf4 17. O-O Re8 18. Qd3 Nd7 19. Bd5 Ne5 20. Nxe5 Bxe5
21. Qf3 Rb8 22. Bc6 Rf8 23. Rfe1 Qf6 24. Bb7 b4 25. cxb4 Bxb2 26. Rab1 Rfe8 27.
Qxf4 Qc3 28. Rxe8+ Rxe8 29. g3 Qc2 30. Rf1 Be5 31. Re1 f6 32. Qf3 Rd8 33. Bd5+
Kf8 34. Bb3 Qc3 35. Re3 Qxb4 36. Qh5 Qe7 37. Qxh7 Qc5 38. Qg8+ Ke7 39. Qe6+ 1-0

[Event "EYg18, Budva YUG"]
[Site "?"]
[Date "2003.??.??"]
[Round "3"]
[White "Gregorova, Z."]
[Black "Ahmatovic, M."]
[Result "1-0"]
[WhiteElo "2195"]
[BlackElo "2030"]
[PlyCount "61"]
[EventDate "2003.??.??"]

1. e4 c5 2. Nf3 d6 3. d3 Nc6 4. Nbd2 e5 5. g3 g6 6. Bg2 Bg7 7. O-O Nge7 8. h4
O-O 9. Ng5 h6 10. Nh3 f5 11. f4 Be6 12. Kh2 Qe8 13. c4 Nd4 14. Nf3 Nxf3+ 15.
Bxf3 Qd7 16. Ng1 Rab8 17. Qc2 b5 18. fxe5 fxe4 19. dxe4 Bxc4 20. Rd1 Bxe5 21.
Bxh6 Rf7 22. Qg2 Kh7 23. Be3 Qe6 24. Nh3 Bf6 25. b3 Bxb3 26. axb3 Qxb3 27. Qa2
Qxa2+ 28. Rxa2 Nc8 29. Bf4 Kg7 30. Bg4 Bxh4 31. gxh4 1-0

[Event "EYg18, Budva YUG"]
[Site "?"]
[Date "2003.??.??"]
[Round "3"]
[White "Belko, I."]
[Black "Bednikova, S."]
[Result "1/2-1/2"]
[WhiteElo "2015"]
[BlackElo "2170"]
[PlyCount "85"]
[EventDate "2003.??.??"]

1. d4 d5 2. Nf3 Bf5 3. e3 c6 4. Bd3 Bxd3 5. Qxd3 Nf6 6. O-O e6 7. Nbd2 Be7 8.
c3 O-O 9. e4 dxe4 10. Nxe4 Nbd7 11. Bf4 Nxe4 12. Qxe4 Nf6 13. Qe2 Re8 14. Ne5
Nd7 15. Rad1 Nxe5 16. Bxe5 Bf8 17. Rd3 g6 18. Rfd1 Bg7 19. Rh3 f6 20. Bf4 Qa5
21. a3 Rad8 22. Re3 Kf7 23. Re1 Qd5 24. Qg4 Qf5 25. Qxf5 exf5 26. Rxe8 Rxe8 27.
Rxe8 Kxe8 28. g3 Bf8 29. Kf1 b5 30. Ke2 Kd7 31. Kd3 Ke6 32. Bb8 a6 33. Bf4 Kd5
34. Be3 a5 35. b4 a4 36. Bf4 g5 37. Be3 g4 38. Bf4 Bg7 39. Be3 Bf8 40. Bf4 h5
41. Be3 Bd6 42. Bd2 Bb8 43. Be3 1/2-1/2

[Event "EYg18, Budva YUG"]
[Site "?"]
[Date "2003.??.??"]
[Round "3"]
[White "Tuvic, N."]
[Black "Mijovic, A."]
[Result "0-1"]
[WhiteElo "2005"]
[BlackElo "2085"]
[PlyCount "60"]
[EventDate "2003.??.??"]

1. d4 d5 2. Nf3 Nf6 3. c4 e6 4. Nc3 Be7 5. Bg5 Nbd7 6. cxd5 exd5 7. e3 c6 8.
Qc2 O-O 9. Bd3 Re8 10. h3 Nf8 11. O-O-O Be6 12. g4 Rc8 13. Kb1 a6 14. Ne5 Ne4
15. Bxe7 Nxc3+ 16. Qxc3 Qxe7 17. Rdg1 c5 18. dxc5 Rxc5 19. Qd4 Bc8 20. Nf3 Ne6
21. Qa4 b5 22. Qd1 Ng5 23. Nd4 Ne4 24. Qe2 Qf6 25. Rh2 Bd7 26. Nb3 Rc7 27. Rd1
Rec8 28. Nd2 Nc5 29. Rhh1 Na4 30. Nb3 Rc2 0-1

[Event "EYg18, Budva YUG"]
[Site "?"]
[Date "2003.??.??"]
[Round "3"]
[White "Partington, A."]
[Black "Detelic, M."]
[Result "1/2-1/2"]
[WhiteElo "2065"]
[BlackElo "1920"]
[PlyCount "70"]
[EventDate "2003.??.??"]

1. d4 Nf6 2. Nf3 e6 3. e3 b6 4. Bd3 Bb7 5. O-O Be7 6. c4 O-O 7. Nc3 d5 8. b3 c5
9. Bb2 Nbd7 10. Ne5 Bd6 11. f4 Ne4 12. cxd5 Nxc3 13. Bxc3 exd5 14. Rf3 Nf6 15.
Rh3 g6 16. dxc5 Bxc5 17. Be2 Ne4 18. Bb2 Qe7 19. Ng4 f6 20. Bd3 Rad8 21. f5 Kg7
22. a3 Bc8 23. fxg6 hxg6 24. b4 Bd6 25. Rh4 Bxg4 26. Qxg4 Rh8 27. Bxe4 dxe4 28.
Qxe4 Rxh4 29. Qxh4 Qxe3+ 30. Kh1 Be5 31. Bxe5 Qxe5 32. Re1 Qd6 33. h3 Rc8 34.
Qe4 Rc7 35. Qf3 Re7 1/2-1/2

[Event "EYg18, Budva YUG"]
[Site "?"]
[Date "2003.??.??"]
[Round "3"]
[White "Vranesevic, D."]
[Black "Costantini, L."]
[Result "0-1"]
[WhiteElo "2045"]
[BlackElo "2075"]
[PlyCount "52"]
[EventDate "2003.??.??"]

1. e4 c5 2. Nc3 e6 3. f4 Nc6 4. Bb5 Nge7 5. Bxc6 Nxc6 6. Nf3 Be7 7. O-O O-O 8.
e5 d5 9. exd6 Bxd6 10. d3 b6 11. Ne4 Be7 12. Nfg5 Nd4 13. c3 Nf5 14. Rf3 h6 15.
Nh3 Bb7 16. Qe2 Qd5 17. Ng3 Nh4 18. Rf2 Rfd8 19. Nh5 Qxd3 20. Qxd3 Rxd3 21. Ng3
c4 22. Kf1 Bc5 23. Rc2 Rad8 24. b4 cxb3 25. axb3 Rd1+ 26. Ke2 Bxg2 0-1

[Event "EYg18, Budva YUG"]
[Site "?"]
[Date "2003.??.??"]
[Round "4"]
[White "Verot, M."]
[Black "Svent, S."]
[Result "1-0"]
[WhiteElo "2095"]
[BlackElo "1960"]
[PlyCount "81"]
[EventDate "2003.??.??"]

1. d4 Nf6 2. c4 g6 3. Nc3 Bg7 4. e4 d6 5. f4 O-O 6. Nf3 c5 7. dxc5 Qa5 8. Bd3
Qxc5 9. Qe2 Bg4 10. Be3 Qc8 11. O-O Nc6 12. Rac1 Bxf3 13. Qxf3 Ng4 14. Bd2 Nd4
15. Qg3 Re8 16. h3 Nf6 17. Qf2 Nd7 18. Be3 Nc6 19. Kh1 b6 20. a3 Nc5 21. Bb1
Nb3 22. Rcd1 Nca5 23. f5 Nxc4 24. Ba2 Nba5 25. Bd4 Rf8 26. Bxg7 Kxg7 27. Qd4+
Ne5 28. f6+ exf6 29. Qf2 Qd8 30. Nb5 Nac4 31. Rd4 a6 32. Nc3 b5 33. Nd5 Nc6 34.
Rdd1 Ra7 35. Nxf6 Re7 36. Qh4 h6 37. Ng4 Rh8 38. Bxc4 g5 39. Qf2 bxc4 40. Qf6+
Kh7 41. Qxh6+ 1-0

[Event "EYg18, Budva YUG"]
[Site "?"]
[Date "2003.??.??"]
[Round "4"]
[White "Korbut, E."]
[Black "Hasanova, E."]
[Result "1/2-1/2"]
[WhiteElo "2315"]
[BlackElo "2210"]
[PlyCount "78"]
[EventDate "2003.??.??"]

1. e4 e6 2. d4 d5 3. e5 c5 4. c3 Qb6 5. Nf3 Bd7 6. a3 cxd4 7. cxd4 Bb5 8. Bxb5+
Qxb5 9. Nc3 Qa6 10. Bd2 Ne7 11. b4 Nf5 12. g4 Ne7 13. b5 Qb6 14. Qe2 Nd7 15.
Na4 Qd8 16. O-O h5 17. h3 Ng6 18. g5 Rc8 19. Qd3 Be7 20. Rac1 Rxc1 21. Rxc1 O-O
22. Kg2 Re8 23. Kf1 Bf8 24. Ng1 Nh4 25. Ne2 Be7 26. f4 Nf5 27. Ng3 Nxg3+ 28.
Qxg3 Nb6 29. Ba5 Qd7 30. Qb3 Nxa4 31. Qxa4 Rc8 32. Rxc8+ Qxc8 33. Bd2 Bd8 34.
Qxa7 Qc4+ 35. Ke1 Qxb5 36. Qa8 Qb6 37. Qa4 Qc6 38. Qa8 Qc7 39. Qa4 Qc6 1/2-1/2

[Event "EYg18, Budva YUG"]
[Site "?"]
[Date "2003.??.??"]
[Round "4"]
[White "Gutsko, A."]
[Black "Pogonina, N."]
[Result "0-1"]
[WhiteElo "2180"]
[BlackElo "2340"]
[PlyCount "72"]
[EventDate "2003.??.??"]

1. e4 c5 2. c3 g6 3. d4 cxd4 4. cxd4 d5 5. e5 Nc6 6. Nc3 Bg7 7. Bb5 Nh6 8. Bf4
e6 9. Qd2 Nf5 10. g4 Nfe7 11. Nge2 Bd7 12. Ba4 a6 13. Bc2 Nb4 14. Bb1 O-O 15.
h4 f6 16. h5 Nbc6 17. exf6 Bxf6 18. hxg6 Nxg6 19. Bd6 Rf7 20. Bc2 Bg5 21. f4
Bh4+ 22. Kd1 Be7 23. Bxe7 Ncxe7 24. Bb3 Bc6 25. Kc2 Qd6 26. Raf1 Raf8 27. Qd3
b5 28. Rh5 b4 29. f5 exf5 30. gxf5 bxc3 31. Nxc3 Qd7 32. fxg6 Rxf1 33. Rxh7
R8f2+ 34. Ne2 Bb5 35. Bxd5+ Nxd5 36. Rxd7 Nb4+ 0-1

[Event "EYg18, Budva YUG"]
[Site "?"]
[Date "2003.??.??"]
[Round "4"]
[White "Vozovic, O."]
[Black "Gregorova, Z."]
[Result "1-0"]
[WhiteElo "2360"]
[BlackElo "2195"]
[PlyCount "49"]
[EventDate "2003.??.??"]

1. e4 d5 2. exd5 Nf6 3. d4 Nxd5 4. Nf3 g6 5. Bc4 Bg7 6. O-O Bg4 7. c3 O-O 8.
Re1 e6 9. Nbd2 Nb6 10. Bb3 N8d7 11. h3 Bxf3 12. Qxf3 c6 13. Ne4 a5 14. Bg5 Qc7
15. Rad1 h6 16. Bf4 Qd8 17. Bd6 Re8 18. Qg3 Nd5 19. Ba3 Bf8 20. Nd6 Bxd6 21.
Bxd6 N7f6 22. Bc2 Kh7 23. c4 Nh5 24. Qf3 Ndf6 25. Be5 1-0

[Event "EYg18, Budva YUG"]
[Site "?"]
[Date "2003.??.??"]
[Round "4"]
[White "Bronnikova, E."]
[Black "Vasic, M."]
[Result "0-1"]
[WhiteElo "2270"]
[BlackElo "2175"]
[PlyCount "54"]
[EventDate "2003.??.??"]

1. e4 e6 2. d4 d5 3. Nd2 c5 4. exd5 Qxd5 5. Ngf3 cxd4 6. Bc4 Qd6 7. O-O Nf6 8.
Nb3 Nc6 9. Nbxd4 Nxd4 10. Nxd4 a6 11. c3 Qc7 12. Bb3 Bd6 13. h3 O-O 14. Qe2 b6
15. Bg5 Bb7 16. Rad1 Ne4 17. Bc1 Rae8 18. Rfe1 Kh8 19. a4 Bh2+ 20. Kh1 Bg3 21.
Be3 f5 22. Nxe6 Rxe6 23. Bxe6 f4 24. Qc4 fxe3 25. fxg3 Qxg3 26. Rf1 Nf2+ 27.
Rxf2 Qxf2 0-1

[Event "EYg18, Budva YUG"]
[Site "?"]
[Date "2003.??.??"]
[Round "4"]
[White "Papadopoulou, V."]
[Black "Meshcheriakova, E."]
[Result "1-0"]
[WhiteElo "2210"]
[BlackElo "2255"]
[PlyCount "141"]
[EventDate "2003.??.??"]

1. Nf3 b6 2. g3 Bb7 3. Bg2 Nf6 4. c4 e6 5. O-O Be7 6. b3 d5 7. Bb2 O-O 8. e3
Nbd7 9. Nc3 Nc5 10. Ne5 Nfd7 11. Nxd7 Qxd7 12. d4 Ne4 13. Nxe4 dxe4 14. Qc2 f5
15. f3 exf3 16. Bxf3 Bxf3 17. Rxf3 Qc6 18. Qe2 Bg5 19. Rd1 Qe4 20. Kf2 Rad8 21.
Ba3 Rfe8 22. b4 c6 23. h4 Bh6 24. Bb2 a6 25. a4 b5 26. Rd2 Rb8 27. Bc3 bxa4 28.
Ra2 a5 29. bxa5 Rb3 30. Qd2 a3 31. Bb4 Rb8 32. Bxa3 Qb1 33. Bc1 Rd3 34. Qc2
Qxc2+ 35. Rxc2 Ra8 36. Bd2 Rb3 37. Ke2 Kf7 38. Rf1 Ke7 39. c5 g6 40. Bc3 Kd7
41. Ra1 Ra6 42. Raa2 Kc7 43. Rab2 Rb5 44. Kf3 Ra8 45. Rxb5 cxb5 46. e4 Kc6 47.
Re2 fxe4+ 48. Kxe4 Bg7 49. Rf2 Ra7 50. g4 h6 51. Bd2 Rd7 52. Be3 Ra7 53. Bd2
Rd7 54. Bc3 Ra7 55. h5 g5 56. Kd3 Kd5 57. Rb2 Kc6 58. Rf2 Kd5 59. Ra2 Ra6 60.
Rb2 e5 61. dxe5 Kxc5 62. Bd4+ Kc6 63. Rc2+ Kb7 64. Bb6 Bxe5 65. Re2 Bf4 66.
Re7+ Kc6 67. Re6+ Kd5 68. Rxh6 Ra8 69. Rf6 b4 70. Rf5+ Ke6 71. Rb5 1-0

[Event "EYg18, Budva YUG"]
[Site "?"]
[Date "2003.??.??"]
[Round "4"]
[White "Bashkite, V."]
[Black "Ciobanu, C."]
[Result "1/2-1/2"]
[WhiteElo "2115"]
[BlackElo "2250"]
[PlyCount "112"]
[EventDate "2003.??.??"]

1. Nf3 g6 2. g3 Bg7 3. Bg2 e5 4. d3 Nc6 5. c4 d6 6. Nc3 f5 7. O-O Nf6 8. Bg5 h6
9. Bxf6 Qxf6 10. Nd5 Qf7 11. Rb1 O-O 12. b4 Be6 13. b5 Nd8 14. Nd2 c6 15. bxc6
bxc6 16. Nb4 d5 17. cxd5 cxd5 18. f4 e4 19. Nb3 a5 20. Nc2 Qa7+ 21. d4 Nb7 22.
e3 a4 23. Nc1 Nd6 24. Na3 Bd7 25. Rf2 Rfc8 26. Rc2 Qa5 27. Ne2 Bf8 28. Qc1 Kf7
29. Bf1 Rxc2 30. Qxc2 Nb5 31. Nxb5 Bxb5 32. Nc1 Bxf1 33. Kxf1 Qa6+ 34. Ne2 Rc8
35. Qb2 a3 36. Qb3 Rc4 37. Kf2 Qc6 38. Qb8 Rc2 39. Qb7+ Qxb7 40. Rxb7+ Ke6 41.
Rb6+ Bd6 42. Ra6 Rxa2 43. Ke1 Ra1+ 44. Kd2 Ra2+ 45. Kd1 Kd7 46. Ra4 Rb2 47. h4
Bb4 48. Nc1 Kc6 49. Ra6+ Kb5 50. Ra8 Rd2+ 51. Ke1 Rh2+ 52. Kd1 Rd2+ 53. Ke1 a2
54. Rb8+ Ka4 55. Ra8+ Kb5 56. Rb8+ Kc6 1/2-1/2

[Event "EYg18, Budva YUG"]
[Site "?"]
[Date "2003.??.??"]
[Round "4"]
[White "Muhren, B."]
[Black "Worek, J."]
[Result "0-1"]
[WhiteElo "2110"]
[BlackElo "2240"]
[PlyCount "78"]
[EventDate "2003.??.??"]

1. e4 c5 2. Nf3 d6 3. d4 cxd4 4. Nxd4 Nf6 5. Nc3 a6 6. Be3 e5 7. Nb3 Be7 8. f3
O-O 9. Qd2 Be6 10. O-O-O a5 11. Kb1 a4 12. Nc1 a3 13. b3 Nc6 14. Nd5 Bxd5 15.
exd5 Nd4 16. Bxd4 exd4 17. Qxd4 Nd7 18. Bd3 Bf6 19. Qe4 g6 20. Ne2 Bg7 21. h4
Re8 22. Qb4 Nc5 23. Rhe1 Qf6 24. c3 Re3 25. Nc1 Qe5 26. Rxe3 Qxe3 27. Kc2 Qe5
28. Ne2 Re8 29. Nc1 Qg3 30. Qg4 Qf2+ 31. Rd2 Qe1 32. Qb4 Rc8 33. Ne2 Nxd3 34.
Kxd3 Qb1+ 35. Rc2 Re8 36. Nc1 Re1 37. Kd2 Rf1 38. Qe4 Bh6+ 39. Ke2 Rxc1 0-1

[Event "EYg18, Budva YUG"]
[Site "?"]
[Date "2003.??.??"]
[Round "4"]
[White "Mijovic, A."]
[Black "Doibani, L."]
[Result "1-0"]
[WhiteElo "2085"]
[BlackElo "2050"]
[PlyCount "111"]
[EventDate "2003.??.??"]

1. e4 c5 2. Nf3 Nc6 3. d4 cxd4 4. Nxd4 Nf6 5. Nc3 e5 6. Ndb5 d6 7. Bg5 a6 8.
Na3 b5 9. Nd5 Be7 10. Bxf6 Bxf6 11. c3 Ne7 12. Nc2 Nxd5 13. Qxd5 Rb8 14. Nb4
Bb7 15. Qd3 O-O 16. Be2 Bg5 17. O-O Qd7 18. Rad1 Rbd8 19. a4 a5 20. Nd5 bxa4
21. Qb5 Bc6 22. Qxa5 Rb8 23. Nb4 Bxe4 24. Qxe5 dxe5 25. Rxd7 Rfd8 26. Ra7 Rd2
27. Bc4 Bg6 28. Nc6 Re8 29. Nxe5 Rxe5 30. f4 Rc5 31. fxg5 h6 32. Rxa4 Rxg5 33.
Rf2 Rd1+ 34. Bf1 Rb5 35. Rd4 Rb1 36. b4 Rb8 37. Rf3 f6 38. Kf2 Rb2+ 39. Kg3 Rc8
40. b5 Rc5 41. c4 h5 42. h4 Bf7 43. Rd8+ Kh7 44. Bd3+ g6 45. Rxf6 Bxc4 46. Rd7+
Kg8 47. Bxc4+ Rxc4 48. Rxg6+ Kf8 49. Rc6 Rg4+ 50. Kf3 Rb3+ 51. Ke2 Ke8 52. Rh7
Kd8 53. Ra6 Re4+ 54. Kd2 Rc4 55. Ra8+ Rc8 56. Rh8+ 1-0

[Event "EYg18, Budva YUG"]
[Site "?"]
[Date "2003.??.??"]
[Round "4"]
[White "Costantini, L."]
[Black "Dedijer, S."]
[Result "1/2-1/2"]
[WhiteElo "2075"]
[BlackElo "2085"]
[PlyCount "130"]
[EventDate "2003.??.??"]

1. e4 e6 2. d4 d5 3. Nc3 Nf6 4. Bg5 Be7 5. e5 Nfd7 6. Bxe7 Qxe7 7. f4 O-O 8.
Nf3 c5 9. Qd2 Nc6 10. dxc5 Qxc5 11. O-O-O Nb6 12. Nd4 Bd7 13. h4 Rfc8 14. h5
Na5 15. Nb3 Nxb3+ 16. axb3 a5 17. Qd4 Qxd4 18. Rxd4 a4 19. b4 a3 20. Kb1 Rc7
21. Na2 Rac8 22. Rd2 axb2 23. Kxb2 Ba4 24. c3 Be8 25. Rh3 Nc4+ 26. Bxc4 Rxc4
27. Rf3 Re4 28. g4 Rcc4 29. Rdf2 Ba4 30. Rf1 Re2+ 31. Ka3 Bc2 32. R3f2 Rxf2 33.
Rxf2 Bd1 34. g5 Bxh5 35. Kb2 b5 36. Nc1 d4 37. Na2 d3 38. Kc1 Bg6 39. Kd2 Rc8
40. Nc1 Rd8 41. Rf3 Kf8 42. Rf1 Ke7 43. Nb3 Ra8 44. Na5 Kd7 45. Rh1 Kc7 46. Rh2
Kb6 47. Rh1 Rh8 48. Nb3 Ra8 49. Na5 Rh8 50. Nb3 h5 51. Ra1 h4 52. Nc5 Rc8 53.
Ra6+ Kc7 54. Ra7+ Kd8 55. Nb7+ Kd7 56. Nc5+ Ke8 57. Nb7 Kf8 58. Nd6 Rb8 59. Ra1
h3 60. Rh1 Ra8 61. Rxh3 Ra2+ 62. Kd1 Ra1+ 63. Kd2 Ra2+ 64. Kd1 Ra1+ 65. Kd2
Ra2+ 1/2-1/2

[Event "EYg18, Budva YUG"]
[Site "?"]
[Date "2003.??.??"]
[Round "4"]
[White "Bednikova, S."]
[Black "Huisman, C."]
[Result "1/2-1/2"]
[WhiteElo "2170"]
[BlackElo "1995"]
[PlyCount "185"]
[EventDate "2003.??.??"]

1. e4 Nc6 2. Nf3 f5 3. e5 d6 4. Bb5 e6 5. d4 Bd7 6. Bg5 Be7 7. Bxe7 Qxe7 8. c3
O-O-O 9. Bd3 g5 10. h3 h5 11. Qe2 Qg7 12. exd6 cxd6 13. h4 g4 14. Ng5 e5 15. d5
Nce7 16. Bc4 Ng6 17. g3 e4 18. Na3 Ne5 19. O-O-O Kb8 20. Kb1 Nf6 21. Nb5 Rc8
22. Nxd6 Nxc4 23. Nxc4 Bb5 24. b3 Nd7 25. Rd4 Ne5 26. Ne6 Qe7 27. Nf4 Bxc4 28.
bxc4 Qc5 29. Ne6 Qa5 30. Rc1 Nxc4 31. Ka1 Qa3 32. Qc2 Ne5 33. Nf4 Rh7 34. Ra4
Qc5 35. Qd2 Nc4 36. Qd4 Qxd4 37. cxd4 Rhc7 38. Ne6 Nb6 39. Rxc7 Rxc7 40. Nxc7
Nxa4 41. Ne6 Nc3 42. Nf4 Nd1 43. Nxh5 Nxf2 44. Nf4 Nh3 45. Ne2 Kc7 46. h5 Kd6
47. h6 Ng5 48. Nf4 e3 49. Kb2 e2 50. Nxe2 Kxd5 51. Nf4+ Ke4 52. d5 Ke5 53. Kc2
Nh7 54. Kc3 Nf6 55. Kb4 Kd6 56. Kb5 Nh7 57. Kc4 a6 58. Ng6 b6 59. Kd4 Ng5 60.
Nf8 Nf3+ 61. Ke3 Ne5 62. h7 Nf7 63. Kd4 f4 64. gxf4 g3 65. Ke3 Kxd5 66. Kf3 g2
67. Kxg2 Ke4 68. Kg3 Kf5 69. Nd7 b5 70. Nc5 a5 71. Nb7 Kg6 72. Nd6 Nh8 73. Nxb5
Kxh7 74. f5 Nf7 75. Kf4 Kg7 76. Ke4 Kf6 77. Nd4 Nd6+ 78. Kf4 a4 79. a3 Nc4 80.
Nb5 Nb6 81. Ke4 Nc4 82. Kf4 Nb6 83. Nc3 Nc4 84. Nxa4 Nxa3 85. Nc3 Nc4 86. Ne4+
Kf7 87. Kf3 Ne5+ 88. Ke3 Ng4+ 89. Kf4 Nh6 90. Nd6+ Ke7 91. Nc8+ Kf6 92. Nd6
Nxf5 93. Nxf5 1/2-1/2

[Event "EYg18, Budva YUG"]
[Site "?"]
[Date "2003.??.??"]
[Round "4"]
[White "Seps, M."]
[Black "Elek, M."]
[Result "1-0"]
[WhiteElo "2075"]
[BlackElo "1975"]
[PlyCount "53"]
[EventDate "2003.??.??"]

1. e4 c5 2. Nf3 d6 3. d4 cxd4 4. Nxd4 Nf6 5. Nc3 a6 6. Be2 e5 7. Nb3 Be6 8. O-O
Be7 9. Kh1 O-O 10. a4 Nc6 11. f4 exf4 12. Bxf4 Ne5 13. Nd4 Bc4 14. Nf5 Bxe2 15.
Qxe2 Ng6 16. Nxe7+ Qxe7 17. Bg5 Qe5 18. Bxf6 gxf6 19. Nd5 Qxb2 20. Nxf6+ Kg7
21. Rab1 Qa2 22. Qh5 h6 23. Rb3 Qxc2 24. Rh3 Rh8 25. Qf5 Qc4 26. Nh5+ Kg8 27.
Rg3 1-0

[Event "EYg18, Budva YUG"]
[Site "?"]
[Date "2003.??.??"]
[Round "4"]
[White "Detelic, M."]
[Black "Belko, I."]
[Result "1/2-1/2"]
[WhiteElo "1920"]
[BlackElo "2015"]
[PlyCount "115"]
[EventDate "2003.??.??"]

1. d4 d5 2. c4 e6 3. Nc3 Nf6 4. cxd5 Nxd5 5. e4 Nxc3 6. bxc3 c5 7. Bc4 cxd4 8.
Qxd4 Qc7 9. Bb3 Nc6 10. Qd3 Bd6 11. Ne2 O-O 12. f4 Rd8 13. Qh3 Bc5 14. Rf1 b6
15. Rf3 Na5 16. Bc2 Nc4 17. Rg3 Bb7 18. f5 exf5 19. Bh6 Bf8 20. Qxf5 Bc8 21.
Qh5 g6 22. Bxf8 Qxg3+ 23. Nxg3 gxh5 24. Bh6 h4 25. Nh5 Rd6 26. Bf4 Re6 27. Kf2
Bb7 28. Re1 b5 29. e5 Nb6 30. Nf6+ Kh8 31. Bxh7 Nd5 32. Nxd5 Bxd5 33. Bf5 Rc6
34. Re3 Rg8 35. g4 hxg3+ 36. hxg3 Bxa2 37. g4 Kg7 38. Rh3 Rh8 39. Rd3 Rc4 40.
Bg5 Rc6 41. Bf6+ Rxf6 42. exf6+ Kxf6 43. Rd6+ Kg5 44. Ra6 Bc4 45. Rxa7 Kf4 46.
Re7 Rh2+ 47. Ke1 Kf3 48. Kd1 Re2 49. Rxe2 Bxe2+ 50. Kc2 Bc4 51. Kb2 Kf4 52. Bd7
Ke4 53. Ka3 Kd3 54. Kb4 f6 55. Bxb5 Bxb5 56. Kxb5 Kxc3 57. Kc5 Kd3 58. Kd5
1/2-1/2

[Event "EYg18, Budva YUG"]
[Site "?"]
[Date "2003.??.??"]
[Round "5"]
[White "Ahmatovic, M."]
[Black "Muhren, B."]
[Result "0-1"]
[WhiteElo "2030"]
[BlackElo "2110"]
[PlyCount "84"]
[EventDate "2003.??.??"]

1. e4 c5 2. Nf3 e6 3. d4 cxd4 4. Nxd4 Nf6 5. Nc3 d6 6. Bc4 Be7 7. O-O O-O 8.
Bb3 Na6 9. f4 Nc5 10. e5 dxe5 11. fxe5 Nxb3 12. axb3 Bc5 13. Be3 Nd5 14. Bf2
Nxc3 15. bxc3 Qc7 16. Qh5 b6 17. Nb5 Qc6 18. Nd4 Qc7 19. Nf3 Bb7 20. Kh1 Bxf2
21. Rxf2 Qxc3 22. Raf1 Be4 23. Nh4 Bg6 24. Qg5 Qc5 25. Qg3 Rad8 26. Nxg6 hxg6
27. c3 Rd5 28. b4 Qc7 29. Re2 Rfd8 30. h3 Rd3 31. Rf3 Qxc3 32. Rxd3 Qxd3 33.
Qh4 Rc8 34. Rf2 Qe3 35. Rf1 g5 36. Qh5 g6 37. Qd1 Rf8 38. Qa1 g4 39. hxg4 Kg7
40. Rf3 Rh8+ 41. Rh3 Rxh3+ 42. gxh3 Qxh3+ 0-1

[Event "EYg18, Budva YUG"]
[Site "?"]
[Date "2003.??.??"]
[Round "5"]
[White "Papadopoulou, V."]
[Black "Kursova, M."]
[Result "0-1"]
[WhiteElo "2210"]
[BlackElo "2260"]
[PlyCount "152"]
[EventDate "2003.??.??"]

1. d4 Nf6 2. c4 e6 3. Nc3 Bb4 4. Qc2 c5 5. dxc5 O-O 6. Nf3 Bxc5 7. Bg5 Be7 8.
e3 Qc7 9. Rd1 a6 10. Be2 b6 11. O-O d6 12. h3 Bb7 13. Rd2 Nbd7 14. Rfd1 Rfd8
15. a3 Rac8 16. Bf4 Nc5 17. Rc1 h6 18. b4 Nce4 19. Nxe4 Nxe4 20. Rdd1 Qb8 21.
Qb3 Qa8 22. Bh2 Kh8 23. Nd4 Bh4 24. g3 Bf6 25. f3 Ng5 26. Kg2 Nh7 27. g4 Nf8
28. e4 Ng6 29. Bg3 Be5 30. Qe3 Rc7 31. h4 Bxg3 32. Kxg3 Rcd7 33. h5 Nf8 34. Nb3
Qa7 35. Rd2 Rc8 36. Rcd1 Rcd8 37. a4 Qb8 38. Kg2 Ba8 39. g5 hxg5 40. Qxg5 f6
41. Qg4 Bc6 42. b5 axb5 43. axb5 Bb7 44. Nd4 Rf7 45. Nxe6 Re8 46. Nxf8 Rfxf8
47. Qg6 Re5 48. Rd5 Bxd5 49. Rxd5 Rxd5 50. exd5 Qe8 51. Bd3 Qxg6+ 52. hxg6 f5
53. Kg3 Rf6 54. Kf4 Rxg6 55. Bxf5 Rf6 56. Kg5 Kg8 57. f4 Kf8 58. Bg6 Ke7 59. f5
Rf8 60. Bh5 Rf6 61. Bg6 Rf8 62. Bh5 Rh8 63. Kg6 Kf8 64. Kg5 Rh7 65. Bg4 Rh6 66.
Bh5 Ke7 67. Be2 Rh2 68. Bf3 Rf2 69. Be4 Re2 70. Bf3 Re3 71. Kf4 Rc3 72. Be2 Kf6
73. Bf1 Rc2 74. Kg4 Rf2 75. Bd3 Ke5 76. Kg5 Kd4 0-1

[Event "EYg18, Budva YUG"]
[Site "?"]
[Date "2003.??.??"]
[Round "5"]
[White "Hasanova, E."]
[Black "Vozovic, O."]
[Result "1/2-1/2"]
[WhiteElo "2210"]
[BlackElo "2360"]
[PlyCount "77"]
[EventDate "2003.??.??"]

1. d4 c5 2. d5 d6 3. c4 b5 4. cxb5 a6 5. b6 Nd7 6. e4 Ngf6 7. Nc3 Rb8 8. a4
Nxb6 9. a5 Na8 10. Bc4 g6 11. Nf3 Bg7 12. Qe2 Nc7 13. e5 dxe5 14. Nxe5 Bb7 15.
d6 Ncd5 16. Nxd5 Nxd5 17. d7+ Kf8 18. Nxf7 Kxf7 19. Qf3+ Ke6 20. Bf4 Kxd7 21.
Bxd5 Bxd5 22. Qxd5+ Ke8 23. Qc6+ Kf7 24. Bxb8 Bxb2 25. Qf3+ Kg7 26. Ra2 Qxb8
27. O-O Bf6 28. Re1 Qb4 29. Rae2 c4 30. Qc6 c3 31. Qc7 Re8 32. g3 Kf8 33. Re4
Qb2 34. R1e2 Qb5 35. Re6 Kf7 36. h4 Qd5 37. Qc6 Rd8 38. Rxf6+ exf6 39. Qxc3
1/2-1/2

[Event "EYg18, Budva YUG"]
[Site "?"]
[Date "2003.??.??"]
[Round "5"]
[White "Svent, S."]
[Black "Tuvic, N."]
[Result "1-0"]
[WhiteElo "1960"]
[BlackElo "2005"]
[PlyCount "93"]
[EventDate "2003.??.??"]

1. e4 c5 2. Nc3 Nc6 3. g3 g6 4. Bg2 Bg7 5. d3 d6 6. f4 e5 7. Nf3 Nge7 8. O-O
O-O 9. h3 Be6 10. g4 exf4 11. Bxf4 Nd4 12. Qd2 Nec6 13. Ng5 b5 14. Nd1 Bc8 15.
c3 Ne6 16. Be3 b4 17. e5 bxc3 18. bxc3 Qc7 19. exd6 Qxd6 20. Ne4 Qe7 21. Nxc5
Rb8 22. Nxe6 Qxe6 23. d4 Na5 24. Bf4 Rb6 25. Ne3 Ba6 26. Rfe1 Qd7 27. Bf1 Bxf1
28. Rxf1 Rc8 29. Rfc1 Rbc6 30. Rc2 Bxd4 31. cxd4 Rxc2 32. Nxc2 Rxc2 33. Qxc2
Qxd4+ 34. Kg2 Qxa1 35. Bh6 Nc6 36. Qxc6 Qxa2+ 37. Kg3 Qa3+ 38. Kg2 Qb2+ 39. Kf3
Qa3+ 40. Be3 a5 41. Qa8+ Kg7 42. Qe4 a4 43. g5 Qb3 44. Kf4 f5 45. Qe7+ Kg8 46.
Qe8+ Kg7 47. Bd4# 1-0

[Event "EYg18, Budva YUG"]
[Site "?"]
[Date "2003.??.??"]
[Round "5"]
[White "Huisman, C."]
[Black "Valickova, M."]
[Result "0-1"]
[WhiteElo "1995"]
[BlackElo "2045"]
[PlyCount "26"]
[EventDate "2003.??.??"]

1. e4 e5 2. Nf3 Nc6 3. Bc4 Nf6 4. Ng5 Bc5 5. Nxf7 Bxf2+ 6. Kf1 Qe7 7. Nxh8 d5
8. exd5 Nd4 9. c3 Bg4 10. Qa4+ Nd7 11. Kxf2 O-O-O 12. cxd4 Rf8+ 13. Kg1 exd4
0-1